Derechos de las mujeres y de las minorías sexuales : un análisis desde el método de casos /

Guardado en:
Otros Autores: Rossetti, Andrés, (comp.), Alvarez, Magdalena I., (comp.), Barale, Laura M., Cabral, Mauro., Carballo, Martín., Etchichury, Horacio J., Garín, Andrea Lucas., Gilardone, Lucas., Guiñazú, Claudio E., Piccardo, Ivana., Puga, Mariela.
Formato: Libro
Idioma:Spanish
Publicado: Córdoba : Advocatus, 2008
Edición:1a. ed.
Materias:
Etiquetas: Agregar Etiqueta
Sin Etiquetas, Sea el primero en etiquetar este registro!
LEADER 00930nam a22002775a 4500
001 DER.der011248
008 180615s2008####ag#||||||||||||||#||spa||
005 20251211174707.0
245 1 0 |a Derechos de las mujeres y de las minorías sexuales :  |b un análisis desde el método de casos /  |c compilado por Andrés Rossetti y Magdalena I. Alvarez. 
250 |a 1a. ed. 
260 |a Córdoba :  |b Advocatus,  |c 2008 
300 |a 468 p. 
020 |a 9789875511361 
700 1 |a Rossetti, Andrés,  |e comp. 
700 1 |a Alvarez, Magdalena I.,  |e comp. 
700 1 |a Barale, Laura M. 
700 1 |a Cabral, Mauro. 
700 1 |a Carballo, Martín. 
700 1 |a Etchichury, Horacio J. 
700 1 |a Garín, Andrea Lucas. 
700 1 |a Gilardone, Lucas. 
700 1 |a Guiñazú, Claudio E. 
700 1 |a Piccardo, Ivana. 
700 1 |a Puga, Mariela. 
650 7 |a DERECHOS DE LAS MINORIAS 
859 |a DERECHO  |b BIB. DERECHO  |h 346  |i DER  |k 2.28  |p 006635  |t 1